Ядерные технологии: учебное пособие для вузов

书目详细资料
主要作者: Ташлыков О. Л. Олег Леонидович
企业作者: Уральский федеральный университет (570)
其他作者: Щеклеин С. Е. Сергей Евгеньевич (редактор)
总结:В учебном пособии рассматриваются физические и технические основы ядерной энергетики, включая основные сведения из ядерной и нейтронной физики, физические и конструкционные особенности ядерных реакторов различных типов, основные виды ядерного топлива, тепловые схемы АЭС, их основное оборудование, безопасность атомных станций.
语言:俄语
出版: Москва, Юрайт, 2023
丛编:Высшее образование
主题:
格式: 图书
KOHA link:https://koha.lib.tpu.ru/cgi-bin/koha/opac-detail.pl?biblionumber=670688

MARC

LEADER 00000nam0a2200000 4500
001 670688
005 20241126143343.0
010 |a 978-5-534-18066-4 
090 |a 670688 
100 |a 20240213d2023 m||y0rusy50 ca 
101 0 |a rus 
102 |a RU 
105 |a a j 001yy 
181 0 |a i   |b  e  
182 0 |a n 
183 0 |a nc  |2 RDAcarrier 
200 1 |a Ядерные технологии  |e учебное пособие для вузов  |f О. Л. Ташлыков  |g Уральский федеральный университет ; под науч. ред. С. Е. Щеклеина 
203 |a Текст  |b визуальный  |c непосредственный 
210 |a Москва  |c Юрайт  |d 2023 
215 |a 210 с.  |c ил. 
225 1 |a Высшее образование 
283 |a volume  |2 RDAcarrier 
320 |a Перечень сокращений: с. 5-10 
320 |a Библиогр.: с. 194-196 
330 |a В учебном пособии рассматриваются физические и технические основы ядерной энергетики, включая основные сведения из ядерной и нейтронной физики, физические и конструкционные особенности ядерных реакторов различных типов, основные виды ядерного топлива, тепловые схемы АЭС, их основное оборудование, безопасность атомных станций. 
606 1 |a Ядерная энергетика  |2 stltpush  |3 (RuTPU)RU\TPU\subj\21570  |9 46534 
610 1 |a физические основы 
610 1 |a технические основы 
610 1 |a атомные электрические станции 
610 1 |a ядерное топливо 
610 1 |a отработанное ядерное топливо 
610 1 |a АЭС 
610 1 |a радиоизотопная продукция 
610 1 |a радиоактивные отходы 
610 1 |a радиационная безопасность 
610 1 |a тепловые схемы 
610 1 |a оборудование 
610 1 |a энергоблоки 
610 1 |a безопасность 
610 1 |a учебные пособия 
675 |a 621.039(075.8)  |v 4 
700 1 |a Ташлыков  |b О. Л.  |g Олег Леонидович 
702 1 |a Щеклеин  |b С. Е.  |g Сергей Евгеньевич  |4 340 
712 0 2 |a Уральский федеральный университет  |c (Екатеринбург)  |c (2009- )  |3 (RuTPU)RU\TPU\col\16398  |4 570  |9 26397 
801 0 |a RU  |b 63413507  |c 20240213 
942 |c BK